000 00399nam a2200157Ia 4500
008 230711s9999||||xx |||||||||||||| ||und||
041 _aENG
082 _a621.395
_bNA-V
100 _aNavabi,Z
245 0 _aVHDL : analysis and modelling
250 _a2nd . Ed.
260 _c1998
_aNew Delhi
_bTata McGraw Hill Education Limited
300 _a632
650 _aElectrical Engineering
942 _cBK
999 _c4672
_d4672